| 000 | 00958cam a2200301 a 4500 | ||
|---|---|---|---|
| 001 | 40269624 | ||
| 003 | OCoLC | ||
| 005 | 20200717110241.0 | ||
| 008 | 981029s1999 caua b 001 0 eng | ||
| 010 | _a98049644 | ||
| 015 | _aGB99-34152 | ||
| 020 | _a0534533302 (acidfree paper) | ||
| 020 | _a0534533256 | ||
| 040 |
_aDLC _cDLC _dC#P _dUKM |
||
| 082 | 0 | 0 |
_a301.072 _221 _bADL |
| 100 | 1 |
_aAdler, Emily Stier _91115 |
|
| 245 | 1 | 0 |
_aHow it's done : _ban invitation to social research / _cEmily Stier Adler, Roger Clark |
| 246 | 3 | _aHow it is done | |
| 246 | 3 | 0 | _aInvitation to social research |
| 250 | _aInstructor's ed | ||
| 260 |
_aBelmont, CA : _bWadsworth, _cc1999 |
||
| 300 |
_axiii, 530 p. : _bill. ; _c24 cm |
||
| 504 | _aIncludes bibliographical references (p. 503-522) and index | ||
| 650 | 0 |
_aSociology _xResearch _xMethodology _91116 |
|
| 650 | 0 |
_aSocial sciences _xResearch _xMethodology _989 |
|
| 700 | 1 |
_aClark, Roger _91117 |
|
| 942 |
_2ddc _cBOOK |
||
| 999 |
_c475 _d475 |
||